00599nam a22001817a 450000500170000001000150001702000310003203500140006303700130007708200100009010000190010024501090011926000450022827000650027330000240033850000370036270000180039920190828140951.0 aENG-126354 c1395.00a978-0-19-949598-6 aEN-109886 bDBAD/PUB a128.2 aUberoi, J.P.S. aMind and Society: cby J.P.S. Uberoi; edited by Khalid TyabjibFrom Indian Studies to General Sociology/ aNew DelhibOxford University Pressc2019 bNew Delhie110002a2/11 Ground Floor, Ansari Road, Daryaganj axiii326p.c22cm(hb) aIncludes index and bibliography. aKhalid Tyabji